[Event "Master Open"]
[Site "Voronezh"]
[Date "2018.06.18"]
[Round "6.6"]
[White "Iljiushenok, Ilia"]
[Black "Sindarov, Javokhir"]
[Result "0-1"]
[WhiteElo "2530"]
[BlackElo "2449"]
[Annotator ""]
[Source ""]
[Remark ""]

1.d4 Nf6 2.c4 g6 3.Nc3 Bg7 4.e4 d6 5.Be2 O-O 6.Nf3 Bg4 7.Be3
Nfd7 8.h4 h5 9.Qd2 Na6 10.O-O-O c5 11.d5 Qa5 12.Bh6 Nc7 13.Bxg7
Kxg7 14.e5 b5 15.exd6 exd6 16.Nxb5 Qxd2+ 17.Nxd2 Nxb5 18.Bxg4
hxg4 19.cxb5 a6 20.bxa6 Rxa6 21.a3 Ra4 22.Rhe1 Nf6 23.Nb1 Rf4
24.Re2 Nd7 25.g3 Rc4+ 26.Nc3 Ne5 27.Re4 Rb8 28.Rd2 f5 29.Rxc4
Nxc4 30.Re2 Kf7 31.Nd1 Ne5 32.Ne3 Nd3+ 33.Kb1 Re8 34.Rc2 Nxf2
35.Nxf5 gxf5 36.Rxf2 Kf6 37.Kc2 Re3 38.Rg2 Ke5 39.h5 Ke4 40.h6
Kf3 41.Rh2 Re8 42.Rh5 f4 43.gxf4 g3 44.Rg5 Rh8 45.f5 Rxh6 0-1

[Event "Master Open"]
[Site "Voronezh"]
[Date "2018.06.18"]
[Round "6.7"]
[White "Afanasiev, Nikita"]
[Black "Kryakvin, Dmitry"]
[Result "1/2-1/2"]
[WhiteElo "2460"]
[BlackElo "2592"]
[Annotator ""]
[Source ""]
[Remark ""]

1.d4 d5 2.Bf4 c5 3.e3 cxd4 4.exd4 Nc6 5.c3 Bf5 6.Nf3 e6 7.Nbd2
Bd6 8.Bxd6 Qxd6 9.Be2 Nf6 10.O-O h6 11.a4 O-O 12.Re1 Rab8 13.h3
Qc7 14.Nf1 Ne4 15.Ne3 Bh7 16.Bd3 Kh8 17.Qe2 a6 18.Rec1 Rfc8 19.Nf1
Na5 20.N1d2 Nxd2 21.Nxd2 Bxd3 22.Qxd3 b5 23.axb5 axb5 24.b4 Nc4
25.Nb3 Ra8 26.Qe2 Qc6 27.Nc5 g6 28.h4 Rxa1 29.Rxa1 Ra8 30.Qe1
Kg7 31.Nd3 h5 32.Nc5 Kh7 33.Qc1 Kg7 34.Qe1 Kg8 35.Qc1 Qc8 36.g3
Kg7 37.Kh2 Rxa1 38.Qxa1 e5 39.dxe5 Qf5 40.Qe1 Nxe5 41.Kg2 g5
42.hxg5 h4 43.gxh4 Qg4+ 44.Kf1 Qh3+ 45.Ke2 Qg4+ 46.Kf1 Qh3+ 47.Ke2
Qg4+ 48.Kf1 Qh3+ 49.Ke2 Qg4+ 1/2-1/2

[Event "Master Open"]
[Site "Voronezh"]
[Date "2018.06.18"]
[Round "6.8"]
[White "Ulko, Jaroslav"]
[Black "Timofeev, Artyom"]
[Result "1/2-1/2"]
[WhiteElo "2442"]
[BlackElo "2583"]
[Annotator ""]
[Source ""]
[Remark ""]

1.d4 d5 2.c4 e6 3.Nf3 Nf6 4.e3 Be7 5.b3 O-O 6.Bd3 c5 7.O-O cxd4
8.exd4 b6 9.Bb2 Bb7 10.Nbd2 Ne4 11.Qc2 Nxd2 12.Nxd2 h6 13.a3
Nd7 14.f4 Rc8 15.f5 exf5 16.Bxf5 Rc7 17.Nf3 dxc4 18.bxc4 Bd5
19.Bd3 Bf6 20.Rac1 Re8 21.a4 Kh8 22.Qb3 Be4 23.Bxe4 Rxe4 24.Qb5
Qa8 25.Rfe1 Rxe1+ 26.Rxe1 Qc6 27.Rc1 Qd6 28.a5 Rc8 29.axb6 axb6
30.Qa4 Qe6 31.Re1 Qf5 32.h3 Kh7 33.Kh1 Nf8 34.Qa7 Qc2 35.Ba3
Ng6 36.Bd6 Qf2 37.Rd1 Rxc4 38.Qxb6 Rc2 39.Rg1 Bg5 40.Nxg5+ hxg5
41.Qb3 Rb2 42.Qd3 f6 43.Qe4 Rd2 44.Qg4 Kh6 45.Bg3 Qxd4 46.Qxd4
Rxd4 47.Rf1 Ne7 48.Rf3 Kg6 49.Kg1 Nf5 50.Bf2 Rd1+ 51.Kh2 Rf1
52.Bc5 Rxf3 53.gxf3 Kf7 54.Kg2 Ke6 55.Kf2 Kd5 56.Bf8 Kd4 57.Ke2
Ng3+ 58.Kd2 Nh5 59.Bd6 Kd5 60.Bb8 Ke6 1/2-1/2

[Event "Master Open"]
[Site "Voronezh"]
[Date "2018.06.18"]
[Round "6.9"]
[White "Tiviakov, Sergei"]
[Black "Akash Pc, Iyer"]
[Result "1/2-1/2"]
[WhiteElo "2580"]
[BlackElo "2435"]
[Annotator ""]
[Source ""]
[Remark ""]

1.e4 e5 2.Nf3 Nc6 3.Bb5 a6 4.Ba4 Nf6 5.d3 b5 6.Bb3 Bc5 7.c3 d6
8.O-O O-O 9.Bg5 h6 10.Bh4 Bb6 11.Nbd2 Be6 12.Bc2 g5 13.Bg3 Kh8
14.Nb3 Qe7 15.d4 Bg4 16.Re1 Nh5 17.h3 Bxf3 18.Qxf3 Nxg3 19.Rad1
a5 20.Qxg3 a4 21.Nc1 a3 22.d5 axb2 23.Nd3 Nb8 24.Bb1 Ra3 25.Nxb2
b4 26.Rd3 f5 27.exf5 Rxf5 28.Re2 e4 29.Nd1 Re5 30.Rdd2 Nd7 31.Rb2
bxc3 32.Rb3 Rxb3 33.axb3 Nf6 34.Nxc3 e3 35.fxe3 Bxe3+ 36.Kh1
Nh5 37.Qg4 Qf7 38.Kh2 Bf4+ 39.Kg1 Ng3 40.Rxe5 Bxe5 41.Bd3 h5
42.Qxg5 Bd4+ 43.Kh2 Bxc3 44.Qd8+ Kg7 45.Qg5+ Kh8 46.Qd8+ 1/2-1/2

[Event "Master Open"]
[Site "Voronezh"]
[Date "2018.06.18"]
[Round "6.10"]
[White "Chigaev, Maksim"]
[Black "Drygalov, Andrey"]
[Result "1-0"]
[WhiteElo "2577"]
[BlackElo "2435"]
[Annotator ""]
[Source ""]
[Remark ""]

1.c4 e5 2.Nc3 Nf6 3.g3 d5 4.cxd5 Nxd5 5.Bg2 Nb6 6.d3 Be7 7.Be3
O-O 8.Rc1 Nc6 9.Bxc6 bxc6 10.Nf3 Bd6 11.O-O f5 12.b4 Qe7 13.Bc5
Bxc5 14.bxc5 Qxc5 15.d4 exd4 16.Nxd4 Kh8 17.Ncb5 Qe5 18.Nxa7
Bb7 19.Naxc6 Qd5 20.Qb3 Rxa2 21.Qxd5 Nxd5 22.Rfd1 Re8 23.e3 Ra6
24.Rc5 1-0

[Event "Master Open"]
[Site "Voronezh"]
[Date "2018.06.18"]
[Round "6.11"]
[White "Drygalov, Sergey"]
[Black "Bocharov, Dmitry"]
[Result "0-1"]
[WhiteElo "2428"]
[BlackElo "2576"]
[Annotator ""]
[Source ""]
[Remark ""]

1.e4 c5 2.Nf3 e6 3.d4 cxd4 4.Nxd4 a6 5.c4 Nf6 6.Nc3 Qc7 7.a3
Nxe4 8.Nxe4 Qe5 9.Bd3 Qxd4 10.O-O Nc6 11.Be3 Qe5 12.f4 Qc7 13.Qh5
d6 14.Rac1 Qd8 15.b4 g6 16.Qe2 f5 17.Ng5 Bg7 18.c5 d5 19.Bd2
Nd4 20.Qe3 h6 21.Nf3 Nxf3+ 22.Qxf3 O-O 23.Rfe1 Bd7 24.Bc3 Bxc3
25.Rxc3 Qf6 26.Re5 g5 27.Be2 Rf7 28.Qf2 Rg7 29.g3 h5 30.Qd4 Rf8
31.Kf2 h4 32.fxg5 Qxg5 33.Qf4 Kf7 34.Ree3 hxg3+ 35.hxg3 Qxf4+
36.gxf4 Rh8 37.Rf3 Rh2+ 38.Ke3 Rgg2 39.Bd3 Ra2 0-1

[Event "Master Open"]
[Site "Voronezh"]
[Date "2018.06.18"]
[Round "6.12"]
[White "Savchenko, Boris"]
[Black "Kozionov, Kirill"]
[Result "1-0"]
[WhiteElo "2565"]
[BlackElo "2456"]
[Annotator ""]
[Source ""]
[Remark ""]

1.Nf3 Nf6 2.c4 g6 3.d4 Bg7 4.Nc3 d6 5.g3 O-O 6.Bg2 Nc6 7.O-O
e5 8.dxe5 Nxe5 9.Nxe5 dxe5 10.Qxd8 Rxd8 11.Bg5 Rd4 12.b3 c6 13.Be3
Rd8 14.h3 h5 15.Na4 Bf5 16.Nc5 Rab8 17.b4 b6 18.Na6 Rbc8 19.a4
Nd7 20.c5 Be6 21.b5 e4 22.Rac1 Nxc5 23.Bxc5 bxc5 24.Nxc5 cxb5
25.Nxe6 fxe6 26.axb5 e3 27.fxe3 Rxc1 28.Rxc1 Be5 29.Kf2 Rd7 30.Rc6
Kf7 31.h4 Kf6 32.Be4 Bc7 33.Bd3 Bb6 34.Rc8 Rd8 35.Rc4 Rd5 36.g4
g5 37.gxh5 gxh4 38.h6 1-0

[Event "Master Open"]
[Site "Voronezh"]
[Date "2018.06.18"]
[Round "6.13"]
[White "Belous, Vladimir"]
[Black "Bryakin, Mikhail"]
[Result "1-0"]
[WhiteElo "2555"]
[BlackElo "2407"]
[Annotator ""]
[Source ""]
[Remark ""]

1.d4 d5 2.c4 c6 3.Nf3 Nf6 4.e3 Bf5 5.cxd5 cxd5 6.Nc3 Nc6 7.Ne5
Bd7 8.f4 e6 9.Bd3 a6 10.O-O Bd6 11.g4 Rc8 12.Bd2 b5 13.Qf3 g6
14.Be1 h5 15.gxh5 gxh5 16.Bh4 Be7 17.Kh1 Ng4 18.Bg3 f5 19.Ng6
Rh6 20.Nxe7 Qxe7 21.h3 h4 22.Be1 Nf6 23.Rg1 Kf7 24.a4 Nb4 25.Bb1
bxa4 26.Nxa4 Bb5 27.Nc5 Nc6 28.Bd3 Ne4 29.Bxe4 dxe4 30.Qg2 Qf6
31.Bc3 Rg6 32.Qd2 Rcg8 33.d5 Rxg1+ 34.Rxg1 Rxg1+ 35.Kxg1 Qg6+
36.Kh1 Qg3 37.dxc6 Qxh3+ 38.Kg1 Qg3+ 39.Qg2 Qxe3+ 40.Kh1 Qxc5
41.Qg7+ Ke8 42.Qd7+ Kf8 43.Qd8+ Kf7 44.c7 Qc4 45.Qf6+ Ke8 46.Qh8+
Kf7 47.Qh7+ Ke8 48.Qg8+ Ke7 49.Bb4+ Kf6 50.Qg5+ Kf7 51.Qh5+ Kf6
52.Qh6+ Kf7 53.Qh7+ 1-0

[Event "Master Open"]
[Site "Voronezh"]
[Date "2018.06.18"]
[Round "6.14"]
[White "Faizrakhmanov, Ramil"]
[Black "Maiorov, Nikita"]
[Result "1/2-1/2"]
[WhiteElo "2388"]
[BlackElo "2533"]
[Annotator ""]
[Source ""]
[Remark ""]

1.d4 Nf6 2.c4 e6 3.Nf3 b6 4.g3 Bb7 5.Bg2 Be7 6.O-O O-O 7.Nc3
Ne4 8.Bd2 Nxd2 9.Qxd2 d6 10.Qc2 Qc8 11.e4 Nd7 12.d5 e5 13.b4
Bf6 14.Nd2 a5 15.a3 Qd8 16.Nb3 Qe7 17.Bh3 g6 18.Rfd1 Bg7 19.Nb5
Nf6 20.bxa5 bxa5 21.a4 Bc8 22.Bxc8 Rfxc8 23.c5 dxc5 24.Qxc5 Qxc5
25.Nxc5 Bf8 26.Rac1 Bxc5 27.Rxc5 Nxe4 28.Rc6 Rab8 29.Nxc7 Rb2
30.d6 Rd8 31.d7 Kf8 32.Nb5 Nxf2 33.Rd5 Ng4 34.Nc3 Nxh2 35.Rd3
e4 36.Nxe4 Ng4 37.Nc3 Ne5 38.Rc8 Nxd3 39.Rxd8+ Ke7 40.Rf8 Kxd7
41.Rxf7+ Ke6 42.Rxh7 Rc2 43.Nb5 Rc4 44.Rh4 Rxh4 45.gxh4 Nc5 46.Kg2
Ke5 47.Nc3 Kd4 48.Ne2+ Ke3 49.Nc3 Kd2 50.Nd5 Nxa4 51.Ne7 Nb6
52.Nxg6 Nd7 53.Nf4 a4 54.Nd5 a3 55.Nb4 Nf8 56.Kf3 Kc3 57.Na2+
Kb2 58.h5 Kxa2 59.Kf4 Kb2 60.Kf5 Ka2 61.h6 Kb2 62.Kf6 Ka2 63.Kf7
Kb1 64.Kxf8 a2 65.Kg8 a1Q 66.h7 1/2-1/2

[Event "Master Open"]
[Site "Voronezh"]
[Date "2018.06.19"]
[Round "7.15"]
[White "Akash Pc, Iyer"]
[Black "Matinian, Nikita"]
[Result "0-1"]
[WhiteElo "2435"]
[BlackElo "2496"]
[Annotator ""]
[Source ""]
[Remark ""]

1.d4 Nf6 2.c4 g6 3.f3 Bg7 4.e4 d6 5.Ne2 O-O 6.Be3 c5 7.d5 b6
8.Nec3 e5 9.Bg5 h6 10.Bh4 Nbd7 11.Bd3 a6 12.Nd2 Qe8 13.g4 Nh7
14.Bf2 f5 15.exf5 e4 16.Bxe4 gxf5 17.gxf5 Ne5 18.Qe2 b5 19.O-O
Bxf5 20.Kh1 Bh3 21.Rg1 Ng5 22.Rg3 b4 23.Nd1 Qh5 24.Ne3 Rae8 25.Rag1
Kh8 26.Bc2 Nexf3 27.Nxf3 Rxf3 28.Bd1 Ref8 29.Qe1 Be5 30.Bxf3
Nxf3 31.Qe2 Bf5 32.Nf1 Bxg3 33.Rxg3 Re8 34.Qd1 Be4 35.Rg2 Qh3
36.Rg3 Ng5+ 37.Kg1 Qg2+ 0-1

[Event "Master Open"]
[Site "Voronezh"]
[Date "2018.06.19"]
[Round "7.16"]
[White "Belyakov, Bogdan"]
[Black "Faizrakhmanov, Ramil"]
[Result "1/2-1/2"]
[WhiteElo "2490"]
[BlackElo "2388"]
[Annotator ""]
[Source ""]
[Remark ""]

1.e4 c6 2.d3 d5 3.Nd2 g6 4.g3 Bg7 5.Bg2 e5 6.Ngf3 Ne7 7.O-O O-O
8.Re1 Nd7 9.h4 b6 10.h5 d4 11.hxg6 fxg6 12.Nc4 b5 13.Nd6 Nc5
14.Nxc8 Nxc8 15.Rf1 Ne6 16.a4 a6 17.c3 Kh8 18.cxd4 Nxd4 19.Nxd4
Qxd4 20.Qc2 Qd7 21.Be3 Ne7 22.b4 a5 23.axb5 cxb5 24.bxa5 Nc6
25.Bb6 Nd4 26.Qd1 Bf6 27.Rb1 Bd8 28.Bxd4 Qxd4 29.Rxb5 Rxa5 30.Rxa5
Bxa5 31.Qe2 Bb6 32.Bf3 Ra8 33.Kg2 Ra1 34.Rxa1 Qxa1 35.Bg4 Kg7
36.Be6 Qa3 37.Bc4 Bd4 38.Qg4 Qe7 39.Qc8 Ba7 40.f3 Qc5 41.Qd7+
Kh6 42.Qh3+ Kg7 43.Qd7+ Kh6 1/2-1/2

[Event "Master Open"]
[Site "Voronezh"]
[Date "2018.06.19"]
[Round "7.17"]
[White "Demidov, Mikhail"]
[Black "Tsoi, Dmitry"]
[Result "1-0"]
[WhiteElo "2513"]
[BlackElo "2382"]
[Annotator ""]
[Source ""]
[Remark ""]

1.g3 Nf6 2.Bg2 e6 3.Nf3 a6 4.d3 b5 5.e4 d5 6.exd5 exd5 7.O-O
Be7 8.Re1 O-O 9.Nc3 Re8 10.Bg5 Nbd7 11.Nd4 Bb7 12.Nf5 Bb4 13.Qd2
c6 14.Rxe8+ Qxe8 15.Nxg7 Kxg7 16.Bxf6+ Nxf6 17.Qg5+ Kh8 18.Qxf6+
Kg8 19.Qg5+ Kh8 20.a3 Bf8 21.Qd2 Bg7 22.Re1 Qf8 23.Qe2 a5 24.Qe7
Qxe7 25.Rxe7 Ba6 26.Rc7 b4 27.axb4 axb4 28.Na4 Bb5 29.b3 Bc3
30.Bh3 Rxa4 31.bxa4 Bxa4 32.Bd7 Bxc2 33.Bxc6 d4 34.Bb5 Kg7 35.Rb7
h5 36.Bc4 Kf8 37.Kf1 f6 38.Ke2 Ke8 39.h4 f5 40.f3 Kd8 41.Rb5
Kc7 42.Rxf5 b3 43.Rxh5 b2 44.Ba2 Kc6 45.Rg5 1-0

[Event "Master Open"]
[Site "Voronezh"]
[Date "2018.06.19"]
[Round "7.18"]
[White "Moskalenko, Alexander"]
[Black "Drygalov, Sergey"]
[Result "1/2-1/2"]
[WhiteElo "2558"]
[BlackElo "2428"]
[Annotator ""]
[Source ""]
[Remark ""]

1.Nf3 d5 2.e3 Nf6 3.c4 c6 4.Nc3 e6 5.b3 Nbd7 6.Bb2 Bd6 7.d4 b6
8.Bd3 Bb7 9.O-O O-O 10.Qc2 c5 11.cxd5 exd5 12.Bf5 cxd4 13.Nxd4
Nc5 14.Rfd1 g6 15.Bh3 Qe7 16.Ncb5 Be5 17.Nf3 Bxb2 18.Qxb2 a6
19.Nc3 Rfd8 20.Rac1 Rd6 21.Rc2 Rad8 22.Ne2 a5 23.Qe5 Qxe5 24.Nxe5
Nfe4 25.Nd4 f6 26.Nd3 f5 27.g3 Rc8 28.Bf1 Nxd3 29.Rxc8+ Bxc8
30.Bxd3 Nc5 31.Bc2 Ne6 32.Bd3 Nxd4 33.exd4 Rc6 34.Kf1 Rc7 35.Ke2
Bd7 36.Kd2 Kf7 37.Rb1 b5 38.b4 axb4 39.Rxb4 Ra7 40.Bxb5 Rxa2+
41.Ke3 Ra3+ 42.Ke2 Ra2+ 43.Kf3 Ra3+ 44.Ke2 Ra2+ 1/2-1/2

[Event "Master Open"]
[Site "Voronezh"]
[Date "2018.06.19"]
[Round "7.19"]
[White "Bryakin, Mikhail"]
[Black "Korneev, Oleg"]
[Result "1/2-1/2"]
[WhiteElo "2407"]
[BlackElo "2517"]
[Annotator ""]
[Source ""]
[Remark ""]

1.d4 d5 2.Nf3 Nf6 3.c4 c6 4.g3 dxc4 5.Bg2 Nbd7 6.O-O b5 7.a4
b4 8.Nbd2 Ba6 9.Re1 e6 10.e4 c3 11.bxc3 bxc3 12.Nb1 Bb4 13.Qc2
O-O 14.Nxc3 c5 15.Bb2 cxd4 16.Nxd4 Rc8 17.Red1 Qb6 18.Ndb5 Ne5
19.Ba3 Bxa3 20.Rxa3 h6 21.h3 Rfd8 22.Rxd8+ Rxd8 23.Ra1 Rc8 24.Qd2
Bxb5 25.Nxb5 a6 26.Qd4 Qxd4 27.Nxd4 Rc4 28.Nb3 Rc3 29.Nd2 Rc2
30.Nb3 Rc3 31.Nd2 Rc2 32.Nb3 Rc3 33.Nd2 Rc2 1/2-1/2

[Event "Master Open"]
[Site "Voronezh"]
[Date "2018.06.19"]
[Round "7.20"]
[White "Polschikov, Alexey"]
[Black "Triapishko, Alexandr"]
[Result "1-0"]
[WhiteElo "2398"]
[BlackElo "2513"]
[Annotator ""]
[Source ""]
[Remark ""]

1.Nf3 Nf6 2.c4 c5 3.Nc3 Nc6 4.d4 cxd4 5.Nxd4 e6 6.a3 Bc5 7.Nb3
Be7 8.e4 O-O 9.Be2 b6 10.O-O Bb7 11.Bf4 d6 12.Rc1 Ne5 13.Qd4
Qc7 14.Rfd1 Rfd8 15.h3 h6 16.Qe3 Rac8 17.Nb5 Qb8 18.Nd2 Qa8 19.Nc3
Ng6 20.Bg3 d5 21.cxd5 exd5 22.exd5 Bc5 23.Qf3 Nxd5 24.Nce4 Be7
25.Qf5 Rxc1 26.Rxc1 Rc8 27.Re1 Rd8 28.Bh5 Bc8 29.Qf3 Bb7 30.Qf5
Bc8 31.Qf3 Qc6 32.Nc3 Bf8 33.Nf1 Bb7 34.Nxd5 Rxd5 35.Ne3 Rb5
36.Qe2 a6 37.Bf3 Qc8 38.Bxb7 Qxb7 39.Rd1 Qe4 40.b4 f5 41.Qa2+
Kh7 42.Nd5 f4 43.Nc3 Qe5 44.Nxb5 Qxb5 45.Bh2 Qa4 46.Rd8 Qc6 47.Qd2
Be7 48.Rd4 f3 49.g4 a5 50.Qd1 axb4 51.axb4 Qc3 52.b5 Qb2 53.Rd5
Bc5 54.Qxf3 Qxb5 55.Bd6 Qb1+ 56.Rd1 Qc2 57.Bxc5 bxc5 58.Qd3 Qxd3
59.Rxd3 Nf4 60.Rf3 g5 61.Kf1 Kg6 62.h4 Kf6 63.Ke1 Ke5 64.h5 Ke4
65.Re3+ Kd4 66.Kd2 c4 67.f3 Nd3 68.Re4+ Kd5 69.Kc3 Ne5 70.Re3
Nd3 71.Re7 Nf4 72.Kc2 Ng2 73.Rh7 Ne1+ 74.Kc3 Nxf3 75.Rxh6 Ne5
76.Ra6 Nxg4 77.h6 Nxh6 78.Rxh6 Ke4 79.Kxc4 g4 80.Rg6 Kf3 81.Kd3
g3 82.Rf6+ Kg2 83.Ke2 Kh2 84.Rg6 g2 85.Kf2 1-0

[Event "Master Open"]
[Site "Voronezh"]
[Date "2018.06.19"]
[Round "7.21"]
[White "Khegay, Dmitriy"]
[Black "Palachev, Petr"]
[Result "1-0"]
[WhiteElo "2495"]
[BlackElo "2405"]
[Annotator ""]
[Source ""]
[Remark ""]

1.Nf3 d5 2.g3 g6 3.c4 c6 4.Qa4 Nd7 5.cxd5 cxd5 6.Nc3 Ngf6 7.Bg2
Bg7 8.O-O O-O 9.d4 a6 10.Qb3 e6 11.Bf4 b5 12.a4 bxa4 13.Nxa4
a5 14.Rfc1 Ba6 15.e3 Bc4 16.Qa3 Ra7 17.b3 Bb5 18.Nc3 Qb6 19.Nxb5
Qxb5 20.Bf1 Qb6 21.Qa4 Rb8 22.Nd2 Raa8 23.Rc6 Qd8 24.Rac1 Rb4
25.Qa2 Ne8 26.Ba6 Ndf6 27.Be5 Bf8 28.Nf3 Rb6 29.Rc8 Rxc8 30.Rxc8
Qd7 31.Qxa5 Rxb3 32.Qd8 Qxd8 33.Rxd8 h6 34.g4 g5 35.Kg2 Rb6 36.Bd3
Rb3 37.Bf1 Be7 38.Bxf6 Bxd8 39.Bxd8 f6 40.Be7 Kf7 41.Bc5 Ng7
42.Ne1 h5 43.h3 hxg4 44.hxg4 Rb2 45.Nd3 Rd2 46.Nb4 Rb2 47.Bd3
Rb3 48.Bc2 Rc3 49.Kf3 e5 50.Bf5 Ne6 51.Nxd5 Rc1 52.Bxe6+ Kxe6
53.Ke4 Rg1 54.f3 Rf1 55.Nb4 Rf2 56.Nd3 Rc2 57.Bb6 exd4 58.Bxd4
Rc6 59.Nc5+ Kf7 60.Nd7 1-0

[Event "Master Open"]
[Site "Voronezh"]
[Date "2018.06.19"]
[Round "7.22"]
[White "Golubov, Saveliy"]
[Black "Nozdrachev, Leonid"]
[Result "1/2-1/2"]
[WhiteElo "2493"]
[BlackElo "2400"]
[Annotator ""]
[Source ""]
[Remark ""]

1.d4 Nf6 2.Nf3 e6 3.g3 d5 4.Bg2 Be7 5.O-O O-O 6.c4 dxc4 7.Ne5
Qd6 8.Na3 Rd8 9.Nb5 Qb6 10.a4 Nc6 11.Nxc4 Qa6 12.b3 Rd7 13.Bf4
Nd5 14.Bxd5 exd5 15.Ne3 Bd8 16.Rc1 Qb6 17.Rc5 a6 18.a5 Qxb5 19.Rxb5
axb5 20.h4 Bf6 21.Nf5 Rd8 22.Bxc7 Bxf5 23.Bxd8 Rxd8 24.e3 Nxa5
25.Qe2 Bd7 26.Ra1 b6 27.b4 Nc4 28.Ra7 h6 29.Qa2 Be7 30.Qa6 Kh7
31.Qb7 Bxb4 32.Qxd5 Nd6 33.Qb3 Ba5 34.Rxd7 Rxd7 35.Qc2+ f5 36.Qc6
Rd8 37.Qc7 b4 38.Qxd8 b3 39.Qc7 b2 40.Qc2 Bc3 41.h5 Ne4 42.Kg2
Kh8 43.Qb3 b5 44.Qxb5 Nd2 45.Qe8+ 1/2-1/2

[Event "Master Open"]
[Site "Voronezh"]
[Date "2018.06.19"]
[Round "7.23"]
[White "Salemgareev, Tagir"]
[Black "Khanin, Semen"]
[Result "0-1"]
[WhiteElo "2387"]
[BlackElo "2485"]
[Annotator ""]
[Source ""]
[Remark ""]

1.d4 Nf6 2.c4 e6 3.g3 d5 4.Nf3 dxc4 5.Bg2 Bd7 6.Ne5 Bc6 7.Nxc6
Nxc6 8.O-O Qd7 9.e3 O-O-O 10.Qa4 Nd5 11.Qxc4 h5 12.Nc3 h4 13.Bd2
hxg3 14.hxg3 f5 15.b4 g5 16.b5 Qh7 17.Rfc1 Nce7 18.a4 f4 19.exf4
gxf4 20.a5 fxg3 21.Nxd5 Nxd5 22.a6 b6 23.f4 Bb4 0-1

[Event "Master Open"]
[Site "Voronezh"]
[Date "2018.06.19"]
[Round "7.24"]
[White "Kozionov, Kirill"]
[Black "Anikonov, Dmitry"]
[Result "1-0"]
[WhiteElo "2456"]
[BlackElo "2394"]
[Annotator ""]
[Source ""]
[Remark ""]

1.d4 Nf6 2.c4 e6 3.Nf3 c5 4.d5 exd5 5.cxd5 d6 6.Nc3 g6 7.Bf4
a6 8.Nd2 b5 9.a4 b4 10.Nce4 Nh5 11.Be3 f5 12.g4 Nf6 13.gxf5 Nxe4
14.Nxe4 Bxf5 15.Ng5 Bg7 16.Ne6 Bxe6 17.dxe6 Bxb2 18.Bg2 Ra7 19.Rb1
Bc3+ 20.Kf1 Rc7 21.h4 Nc6 22.h5 Ne5 23.hxg6 O-O 24.Qd5 Kh8 25.Bh6
Rg8 26.g7+ Rcxg7 27.Bxg7+ Rxg7 28.Rd1 Qf6 29.Be4 h6 30.Qxd6 Bd4
31.Rxd4 cxd4 32.Rxh6+ 1-0

[Event "Master Open"]
[Site "Voronezh"]
[Date "2018.06.19"]
[Round "7.25"]
[White "Mammadzada, Gunay"]
[Black "Karpenko, Artem"]
[Result "0-1"]
[WhiteElo "2442"]
[BlackElo "2374"]
[Annotator ""]
[Source ""]
[Remark ""]

1.e4 e6 2.d4 d5 3.Nd2 Be7 4.Bd3 c5 5.dxc5 Nf6 6.Qe2 O-O 7.Ngf3
a5 8.c3 Na6 9.e5 Nd7 10.h4 Qc7 11.Nb3 a4 12.Nbd4 Naxc5 13.Bc2
b6 14.Bg5 f6 15.Bf4 fxe5 16.Nb5 Qd8 17.Bxe5 Nxe5 18.Nxe5 Bf6
19.Qh5 h6 20.f4 Ne4 21.Bxe4 Bxe5 22.Qxe5 dxe4 23.Qxe4 Ba6 24.Nd4
a3 25.b3 Qc7 26.Kd2 Rac8 27.Qe3 Rxf4 28.Rac1 e5 29.g3 Rf6 30.Ne2
Rd8+ 31.Ke1 Qc6 32.Rh2 Rf3 33.Qg1 Qd5 0-1

[Event "Master Open"]
[Site "Voronezh"]
[Date "2018.06.19"]
[Round "7.26"]
[White "Drygalov, Andrey"]
[Black "Ioffe, Ilya"]
[Result "1-0"]
[WhiteElo "2435"]
[BlackElo "2240"]
[Annotator ""]
[Source ""]
[Remark ""]

1.e4 e5 2.Nf3 Nc6 3.Bb5 a6 4.Ba4 Nf6 5.O-O Be7 6.d3 b5 7.Bb3
d6 8.a4 Bd7 9.c3 O-O 10.Bc2 Re8 11.Re1 h6 12.Nbd2 Bf8 13.Nf1
b4 14.Ne3 Rb8 15.h3 g6 16.Bd2 Bg7 17.a5 bxc3 18.bxc3 Rb7 19.Bb3
Ne7 20.Qc2 Qb8 21.Reb1 Bb5 22.d4 exd4 23.cxd4 Nc6 24.e5 dxe5
25.Qxg6 Rf8 26.Nf5 1-0

[Event "Master Open"]
[Site "Voronezh"]
[Date "2018.06.19"]
[Round "7.27"]
[White "Pogosyan, Stefan"]
[Black "Shinkevich, Vitaly"]
[Result "0-1"]
[WhiteElo "2359"]
[BlackElo "2429"]
[Annotator ""]
[Source ""]
[Remark ""]

1.d4 Nf6 2.c4 c5 3.Nf3 cxd4 4.Nxd4 e5 5.Nb5 d5 6.cxd5 Bc5 7.e3
O-O 8.N5c3 e4 9.Be2 Nbd7 10.a3 Ne5 11.O-O Re8 12.Nd2 Bf5 13.b4
Bd6 14.Bb2 Rc8 15.Nb5 Bb8 16.d6 Rc6 17.Rc1 a6 18.Nc7 Rxc1 19.Bxc1
Rf8 20.Nc4 Nd3 21.Bxd3 exd3 22.Qf3 b5 23.Qxf5 bxc4 24.Nxa6 Qxd6
25.Nxb8 g6 26.Qf3 Rxb8 27.Bb2 Nd5 28.Bd4 c3 29.Qe4 d2 30.Qd3
Rd8 31.Rd1 Nf4 32.Qf1 c2 33.Rxd2 Qc6 34.Bc3 Ne2+ 35.Kh1 Qxc3
36.Rxd8+ Kg7 37.Rd1 cxd1Q 38.Qxd1 Qxa3 39.h4 Qa2 40.g3 Qc4 41.Qa1+
Qc3 42.Qd1 Qc1 43.Qxc1 Nxc1 44.b5 Nd3 45.b6 Nc5 46.Kg2 Kf6 47.Kf3
Ke5 48.e4 Kd6 49.Kf4 Ne6+ 50.Ke3 h5 51.f3 Kc6 52.g4 Kxb6 53.gxh5
gxh5 54.f4 f6 55.f5 Nd8 56.e5 Kc5 57.Ke4 Nf7 58.exf6 Kc4 59.Kf4
Kd4 0-1

[Event "Master Open"]
[Site "Voronezh"]
[Date "2018.06.19"]
[Round "7.28"]
[White "Shagbazyan, Taron"]
[Black "Demianjuk, Alexander"]
[Result "1-0"]
[WhiteElo "2429"]
[BlackElo "2346"]
[Annotator ""]
[Source ""]
[Remark ""]

1.d4 d5 2.c4 e6 3.Nc3 a6 4.cxd5 exd5 5.Nf3 Nf6 6.Bg5 Be6 7.e3
Nbd7 8.Bd3 Bd6 9.O-O c6 10.Qc2 Qc7 11.Ne2 Bg4 12.Ng3 Bxf3 13.gxf3
h6 14.Bxf6 Nxf6 15.e4 Bxg3 16.hxg3 dxe4 17.fxe4 Qb6 18.Rad1 O-O
19.Qc3 Rfd8 20.Bb1 Rd7 21.Rd2 Rad8 22.Rfd1 Nh7 23.f4 Nf8 24.f5
f6 25.b4 Nh7 26.Kg2 Ng5 27.a3 Nf7 28.a4 Kh8 29.e5 fxe5 30.dxe5
Nxe5 31.Rxd7 Rxd7 32.Re1 Ng4 33.Re8+ Kh7 34.f6+ g6 35.Rh8+ Kxh8
36.f7+ Kh7 37.f8Q 1-0

[Event "Master Open"]
[Site "Voronezh"]
[Date "2018.06.19"]
[Round "7.29"]
[White "Tsydypov, Zhamsaran"]
[Black "Sargissyan, Sargis"]
[Result "1-0"]
[WhiteElo "2522"]
[BlackElo "2249"]
[Annotator ""]
[Source ""]
[Remark ""]

1.e4 e5 2.Nf3 Nc6 3.Bc4 Bc5 4.c3 Nf6 5.d3 O-O 6.Bb3 a6 7.Nbd2
d6 8.Nc4 h6 9.O-O Ba7 10.a4 Re8 11.a5 Be6 12.Re1 Ne7 13.Be3 Ng6
14.Bxa7 Rxa7 15.Ba4 Rf8 16.Ne3 Ra8 17.Bc2 Nh7 18.d4 Ng5 19.d5
Bd7 20.c4 Nxf3+ 21.Qxf3 Nh4 22.Qh5 Kh7 23.g3 Ng6 24.b4 Ne7 25.f4
g6 26.Qh4 f6 27.Rf1 Qe8 28.f5 g5 29.Qh3 Kg7 30.c5 Qb8 31.Bb3
b6 32.axb6 cxb6 33.c6 Be8 34.Ra3 b5 35.Qg2 Qb6 36.Qd2 Bf7 37.Kg2
Ra7 38.Rfa1 Rfa8 39.Nd1 Nc8 40.Qe3 Qxe3 41.Nxe3 h5 42.Bd1 Kf8
43.Be2 Be8 44.Nd1 Ke7 45.Nc3 Kf8 46.Kf2 Ke7 47.Ke3 Kf8 48.h3
Ke7 49.Kd2 Kd8 50.Kc2 Bf7 51.Kb3 Ke7 52.Ra5 Be8 53.Bxb5 axb5
54.Nxb5 Rxa5 55.Rxa5 Rb8 56.Nc7 Bf7 57.b5 Kd8 58.Na8 Ke7 59.Kb4
h4 60.g4 1-0

[Event "Master Open"]
[Site "Voronezh"]
[Date "2018.06.19"]
[Round "7.30"]
[White "Dmitriev, Igor"]
[Black "Cherniaev, Alexander"]
[Result "1/2-1/2"]
[WhiteElo "2236"]
[BlackElo "2417"]
[Annotator ""]
[Source ""]
[Remark ""]

1.c4 b6 2.Nf3 Bb7 3.b3 e6 4.Bb2 f5 5.e3 Nf6 6.Be2 g6 7.Nc3 Bg7
8.d4 O-O 9.O-O Qe7 10.a3 d6 11.b4 Nbd7 12.Qb3 Ne4 13.Nxe4 Bxe4
14.Nd2 Bb7 15.Bf3 Bxf3 16.Nxf3 a5 17.Bc3 a4 18.Qc2 Nf6 19.Rad1
Ne4 20.Ba1 g5 21.Nd2 Nxd2 22.Rxd2 g4 23.Qd1 Kh8 24.Re1 Qg5 25.f4
gxf3 26.Qxf3 Rae8 27.Rf2 e5 28.dxe5 Bxe5 29.Qd1 Bxa1 30.Qxa1+
Qg7 31.Qxg7+ Kxg7 32.Rf4 Re5 33.Kf2 Rfe8 34.g4 fxg4 35.Rxg4+
Kf6 36.e4 Rg5 37.Rxg5 Kxg5 38.Kg3 Re7 39.Re3 h5 40.h4+ Kg6 41.Re1
Kf6 42.c5 dxc5 43.bxc5 b5 44.c6 Re5 45.Kf4 Rc5 46.Rg1 Rxc6 47.Rg5
Rc3 1/2-1/2

[Event "Master Open"]
[Site "Voronezh"]
[Date "2018.06.19"]
[Round "7.31"]
[White "Krivtsov, Alexander"]
[Black "Rodin, Dmitrij"]
[Result "1-0"]
[WhiteElo "2232"]
[BlackElo "2402"]
[Annotator ""]
[Source ""]
[Remark ""]

1.c4 Nf6 2.Nc3 e6 3.g3 d5 4.cxd5 exd5 5.d4 Bd6 6.Bg2 c6 7.Nf3
O-O 8.O-O Re8 9.a3 a5 10.Qd3 b6 11.Qc2 Bb7 12.e4 Nxe4 13.Nxe4
dxe4 14.Ng5 Be7 15.Nxe4 Nd7 16.Bf4 Nf6 17.Nxf6+ Bxf6 18.Rfd1
Qd7 19.Be5 Be7 20.Qb3 b5 21.d5 c5 22.a4 b4 23.d6 Bxg2 24.Kxg2
Bf8 25.Qd5 Rad8 26.Rac1 Qxa4 27.Qxc5 Qb3 28.Qc7 Bxd6 29.Rxd6
Ra8 30.Qc5 f6 31.Bf4 Qxb2 32.Qd5+ Kh8 33.Rd7 Rg8 34.Rcc7 Rae8
35.Bh6 f5 36.Bxg7+ Rxg7 37.Rxg7 Qxg7 38.Rxg7 Kxg7 39.Qd7+ 1-0

[Event "Master Open"]
[Site "Voronezh"]
[Date "2018.06.19"]
[Round "7.32"]
[White "Peskov, Alexsey"]
[Black "Solozhenkina, Elizaveta"]
[Result "0-1"]
[WhiteElo "2391"]
[BlackElo "2258"]
[Annotator ""]
[Source ""]
[Remark ""]

1.d4 Nf6 2.Nf3 e6 3.e3 b6 4.Bd3 Bb7 5.Nbd2 c5 6.c3 d5 7.Ne5 Bd6
8.f4 O-O 9.Qf3 Nc6 10.g4 Ne7 11.g5 Nd7 12.Qh3 g6 13.Ndf3 Nf5
14.Nxd7 Qxd7 15.Ne5 Bxe5 16.fxe5 a5 17.a4 Ba6 18.Bc2 Qc7 19.Qg4
b5 20.axb5 Bxb5 21.h4 a4 22.Ra3 cxd4 23.exd4 Qc4 24.Kf2 Nxd4
25.Bd1 Nc6 26.Qxc4 dxc4 27.Bf4 Rfd8 28.Bc2 Nxe5 29.Bxe5 Rd2+
30.Kg3 Rxc2 31.Rh2 Rxh2 32.Kxh2 Rd8 33.Bd4 Rd5 34.Ra1 e5 35.Be3
Kg7 36.Rf1 Bd7 37.Kg3 Rd3 38.Kf2 f5 39.gxf6+ Kxf6 40.Ke2+ Kg7
41.Ra1 Bc6 42.Kf2 Rd7 43.Rg1 Rf7+ 44.Ke2 Bf3+ 45.Kd2 Rd7+ 46.Kc1
Rd3 47.Re1 Kf6 48.Bh6 Kf5 49.Rg1 Rd7 50.Bd2 Be2 51.Rg2 Bd3 52.Bh6
Ra7 53.Bf8 Kf4 54.Kd2 Kf3 55.Rg5 e4 56.Re5 Rb7 57.Bb4 h5 58.Re6
Rb5 59.Rf6+ Rf5 60.Rxg6 e3+ 61.Ke1 Rf4 62.Rg8 Rxh4 63.Rf8+ Rf4
64.Rxf4+ Kxf4 65.Be7 Kg4 66.Bc5 Kf3 67.Be7 Bf5 68.Bg5 Bg4 0-1